000 00549nam a2200193Ia 4500
005 20260120131819.0
008 008 260114s9999 xx 000 0 eng d
020 _a9781383032147
037 _aEBOOK
040 _aCRL
_beng
_cCRL
041 _aeng
_2eng
084 _qCRL
100 _aBritnell
_9931506
245 0 _aBritain and Ireland 1050-1530: Economy and Society
260 _bOxford University PressOxford University Press
_c2023
856 _uhttps://academic.oup.com/book/47480
942 _cEBOOK
999 _c1523428
_d1523428